书目信息 |
| 题名: |
新编网页设计应用教程
|
|
| 作者: | 李浩 , 刘自华 编著 | |
| 分册: | ||
| 出版信息: | 北京 冶金工业出版社 2003.06 |
|
| 页数: | 324页 | |
| 开本: | 26cm | |
| 丛书名: | ||
| 单 册: | ||
| 中图分类: | TP393.092 | |
| 科图分类: | ||
| 主题词: | 计算机应用 | |
| 电子资源: | ||
| ISBN: | 7-5024-3285-X | |
| 000 | 00627nam0 2200205 45 | |
| 001 | 0456810776 | |
| 005 | 2004052115465077 | |
| 010 | @a7-5024-3285-X@dCNY 30.00 | |
| 100 | @a20040521d2003 km y0chiy0120 ea | |
| 101 | 0 | @achi |
| 102 | @aCN@b110000 | |
| 200 | 1 | @a新编网页设计应用教程@Axin bian wang ye she ji ying yong jiao cheng@f李浩,刘自华编著@Fli hao,liu zi hua bian zhu |
| 210 | @a北京@c冶金工业出版社@d2003.06 | |
| 215 | @a324页@d26cm | |
| 606 | 0 | @a计算机应用 |
| 690 | 1 | @aTP393.092@v4 |
| 701 | 0 | @a李浩@Ali hao@4编著 |
| 701 | 0 | @a刘自华@Aliu zi hua@4编著 |
| 801 | 0 | @aCN@bPFT@c20040521 |
| 905 | @a10447@dTP393.092@eL1761 | |
| 新编网页设计应用教程/李浩,刘自华编著.-北京:冶金工业出版社,2003.06 |
| 324页;26cm |
| ISBN 7-5024-3285-X:CNY 30.00 |
| ● |
| 相关链接 |
|
|
|
正题名:新编网页设计应用教程
索取号:TP393.092/L1761
 
预约/预借
| 序号 | 登录号 | 条形码 | 馆藏地/架位号 | 状态 | 备注 |
| 1 | 376712 | 203767129 | 期刊室512/301自科库 126排2列5层/ [索取号:TP393.092/L1761] | 在馆 | |
| 2 | 376713 | 203767138 | 自科库301/301自科库 126排2列5层/ [索取号:TP393.092/L1761] | 在馆 |